| 000 -LEADER |
| fixed length control field |
01643nam a2200277Ia 4500 |
| 001 - CONTROL NUMBER |
| control field |
18396 |
| 003 - CONTROL NUMBER IDENTIFIER |
| control field |
GE_BSU |
| 008 - FIXED-LENGTH DATA ELEMENTS--GENERAL INFORMATION |
| fixed length control field |
181216s||||||||xx |||||||||||||| ||und|| |
| 020 ## - INTERNATIONAL STANDARD BOOK NUMBER |
| International Standard Book Number |
9994074539 |
| 040 ## - CATALOGING SOURCE |
| Transcribing agency |
GE_BSU |
| 080 ## - UNIVERSAL DECIMAL CLASSIFICATION NUMBER |
| Universal Decimal Classification number |
070.11 |
| 245 ## - TITLE STATEMENT |
| Title |
გემოვნება, ბავშვთა უსაფრთხოება, სარედაქციო დამოუკიდებლობა, შემოქმედებითობა, მიუკერძოებლობა, სამართლიანობა, საიდუმლოება. |
| 245 ## - TITLE STATEMENT |
| Remainder of title |
პროდიუსერთა სახელმძღვანელო. BBC ღირებულებები და სტანდარტები |
| 245 ## - TITLE STATEMENT |
| Statement of responsibility, etc. |
წიგნზე მუშაობდნენ: შ.ჩხაიძე, ე. ჭავჭავაძე, კ.ჭაბაშვილი და სხვა |
| 260 ## - PUBLICATION, DISTRIBUTION, ETC. |
| Place of publication, distribution, etc. |
თბილისი |
| 260 ## - PUBLICATION, DISTRIBUTION, ETC. |
| Name of publisher, distributor, etc. |
არეტე |
| 260 ## - PUBLICATION, DISTRIBUTION, ETC. |
| Date of publication, distribution, etc. |
2004 |
| 300 ## - PHYSICAL DESCRIPTION |
| Extent |
362გვ. ; 18სმ. |
| 653 ## - INDEX TERM--UNCONTROLLED |
| Uncontrolled term |
BBC ღირებულებები და სტანდარტები |
| 653 ## - INDEX TERM--UNCONTROLLED |
| Uncontrolled term |
გემოვნება, ბავშვთა უსაფრთხოება, სარედაქციო დამოუკიდებლობა, შემოქმედებითობა, |
| 653 ## - INDEX TERM--UNCONTROLLED |
| Uncontrolled term |
მედია |
| 653 ## - INDEX TERM--UNCONTROLLED |
| Uncontrolled term |
მიუკერძოებლობა, სამართლიანობა, საიდუმლოება |
| 653 ## - INDEX TERM--UNCONTROLLED |
| Uncontrolled term |
პროდიუსერთა სახ-ლო |
| 942 ## - ADDED ENTRY ELEMENTS (KOHA) |
| Koha item type |
წიგნი |